000
003190000a22001450004500
001
005663
003
MACL
040
_a
MACL
090
_c
17656
_d
17655
245
_a
Phailavat
_b
Das Rao Ram Saran
260
_a
Baptist Mission Press Calcutta,
_c
1845
350
_a
0.18
650
_a
Urdu Literature
942
_k
891
_c
Book
999
_c
17545
_d
17545